|
|
|
|
| LEADER |
00000nkm a2200000 a 4500 |
| 001 |
vtls011621922 |
| 003 |
SK-MaSNL |
| 005 |
20260512125228.0 |
| 007 |
kp ao |
| 008 |
231206q1936 xo g kuslo |
| 015 |
|
|
|a SNBG
|
| 040 |
|
|
|a SNK
|b slo
|c SNK
|e AACR2
|
| 041 |
0 |
|
|a slo
|
| 043 |
|
|
|a e-xo---
|
| 044 |
|
|
|a xo
|c SK
|
| 080 |
|
|
|a 76
|2 2011
|
| 080 |
|
|
|a 728.82
|2 2011
|
| 080 |
|
|
|a (084.121)
|2 2011
|
| 245 |
0 |
0 |
|a Záblatie n. V.
|h grafika
|b Orechové pri Trenčíne : Trenčín
|
| 260 |
|
|
|a Bratislava
|b Slov. Grafia
|c [1936?]
|
| 300 |
|
|
|a 1 pohľadnica
|b tónovaná do hneda
|c 9 x 14 cm
|
| 520 |
8 |
|
|a Zobrazenie: grafika - pohľad sprava z chodníka v parku na budovu kaštieľa
|
| 650 |
0 |
7 |
|a grafika
|2 SNKPH
|9 814
|
| 650 |
0 |
7 |
|a kaštiele
|2 SNKPH
|9 28599
|
| 651 |
|
7 |
|a Záblatie (Trenčín, Slovensko)
|2 SNKPH
|9 159459
|
| 651 |
|
7 |
|a Trenčín (Slovensko)
|2 SNKPH
|9 159956
|
| 655 |
|
7 |
|a miestne pohľadnice
|2 SNKPH
|9 70510
|
| 655 |
|
7 |
|a pohľadnice umeleckých diel
|2 SNKPH
|9 81593
|
| 958 |
|
|
|a GC
|
| 958 |
|
|
|a GBN
|
| 999 |
|
|
|c 1023480
|d 1025410
|
| 952 |
|
|
|a SNK
|b SNK
|y PREZ
|7 0
|p 17A1221048
|o snkSP 25815
|0 0
|1 0
|4 0
|d 2017-04-04
|f 1
|l 0
|r 2026-02-24 13:31:00
|w 2026-02-24
|